Haß und Liebe Roman

Podrobná bibliografia
Hlavný autor: Mináč, Vladimír, 1922-1996 (Autor)
Médium: Kniha
Jazyk:neznámy jazyk
Fyzický popis:424 s.
Vydavateľské údaje: Berlin Verlag der Nation b. r.

MARC

LEADER 00000nam a2200000 a 4500
001 vtls001282701
003 SK-MaSNL
005 20260301064754.0
008 240314suuuu xx 0 und
035 |a SNK000234151 
040 |a SNK  |b slo  |c SNK  |e AACR2 
100 1 |a Mináč, Vladimír,  |d 1922-1996  |4 aut  |9 103107 
245 1 0 |a Haß und Liebe  |b Roman 
260 |a Berlin  |b Verlag der Nation  |c b. r. 
300 |a 424 s. 
999 |c 628170  |d 630100 
952 |t P60, <04>, [BOOK], {604}  |a SNK  |b SNK  |y VYP  |7 0  |p 17A0059018  |o snkSC 29326 D1  |0 0  |1 0  |4 0  |d 1997-04-09  |l 0  |r 2005-01-02 00:00:00  |w 2026-02-23 
952 |t P60, <04>, [BOOK], {604}  |a SNK  |b SNK  |y VYP  |7 0  |p 17A0306941  |o snkSC 29326 D2  |0 0  |1 0  |4 0  |d 2001-07-18  |l 0  |r 2005-01-02 00:00:00  |w 2026-02-23 
952 |a SNK  |b SNK  |y PREZ  |7 0  |p 17A0927433  |o snkSC 29326  |0 0  |1 0  |4 0  |d 2012-09-25  |l 0  |r 2025-09-18 00:00:00  |w 2026-02-23